000
00292nam a22001457a 4500
008
210311b ||||| |||| 00| 0 eng d
020
_a
0531150364
041
_a
eng
080
_a
91
082
_a
91
100
_a
42
101
_a
GJEO
245
_a
Earth
_c
Ehrlich,R.P
942
_2
udc
_c
BK
999
_c
56404
_d
56404